Islands- Sudden Death - Statistics

General Stats
  • This quiz has been taken 105 times
  • The average score is 10 of 26
Answers on the Grid
Answers color-coded by a green-red scale on the quiz's grid according to % correct below.
Cuba
Puerto Rico
Jamaica
Hispaniola
Greenland
Hokkaidō
Honshu
Shikoku
Kyushu
Hainan
Sumatra
Borneo
Java
Bali
New Guinea
Ireland
Great Britain
Manhattan
Dominica
Sri Lanka
Tasmania
Crete
Santorini
Timor
Tenerife
Rhode Island
Dominican Republic
Haiti
United Kingdom
England
Crimea
Papua New Guinea
Dubai
Kuwait
Qatar
The Bronx
New Zealand
Japan
Peloponnese
Newfoundland
Labrador
Belize
Cancun
 
Answer Stats
Answer % Correct
Greenland
51%
Cuba
49%
Borneo
47%
Tasmania
47%
Great Britain
45%
Ireland
45%
Jamaica
45%
Sri Lanka
43%
Crete
42%
Dominica
42%
Hispaniola
42%
Honshu
42%
Manhattan
40%
Bali
38%
Java
38%
Sumatra
36%
Puerto Rico
34%
Tenerife
34%
Timor
34%
Hainan
32%
Hokkaidō
32%
Kyushu
32%
New Guinea
32%
Santorini
32%
Shikoku
30%
Newfoundland
17%
No matching quizzes found
Score Distribution
Percent of People with Each Score
Percentile by Number Answered
Your Score History
You have not taken this quiz